Asbestos - the issues: a CPD study pack (Record no. 105232)

MARC details
000 -LEADER
fixed length control field 01749cam a2200277 4500
001 - CONTROL NUMBER
control field E132794
008 - FIXED-LENGTH DATA ELEMENTS--GENERAL INFORMATION
fixed length control field 010726n2005 000 0 eng u
020 ## - INTERNATIONAL STANDARD BOOK NUMBER
International Standard Book Number 1904388450
035 ## - SYSTEM CONTROL NUMBER
System control number (Sirsi) u132794
041 ## - LANGUAGE CODE
Language code of text/sound track or separate title eng
050 ## - LIBRARY OF CONGRESS CALL NUMBER
Classification number 549.66
100 ## - MAIN ENTRY--PERSONAL NAME
Personal name Winstone, P.
245 ## - TITLE STATEMENT
Title Asbestos - the issues: a CPD study pack
260 ## - PUBLICATION, DISTRIBUTION, ETC.
Place of publication, distribution, etc. Oxford
Name of publisher, distributor, etc. College of Estate Management
Date of publication, distribution, etc. 2005
350 ## - PRICE (NR) (BK AM CF MU VM SE) [OBSOLETE]
Price 57.00
490 ## - SERIES STATEMENT
Series statement College of Estate Management CPD Study Pack
520 ## - SUMMARY, ETC.
Summary, etc. Asbestos is one of most highly regulated topics in the United Kingdom, and although its importation and use is now prohibited, it is still found in the majority of buildings. This study pack aims to remove the mystique and some of the myths, surrounding this "taboo" material and its historic use in buildings. It is intended for those carrying out or commissioning asbestos-related services in connection with all aspects of the property industry. Relevant legislation is summarised and you will find background information on the different forms and types of asbestos-containing materials commonly found in buildings as well as advice on evaluating and controlling the risks that they may present. All aspects of asbestos are addressed, including inspection & sampling; registers and asbestos management plans; its removal, treatment and disposal and the selection of asbestos inspectors, analysts and contractors.
520 ## - SUMMARY, ETC.
Summary, etc. Supersedes 2003 edition (ISBN 1904388116).
650 ## - SUBJECT ADDED ENTRY--TOPICAL TERM
Topical term or geographic name entry element ACCREDITATION SCHEMES
650 ## - SUBJECT ADDED ENTRY--TOPICAL TERM
Topical term or geographic name entry element MANAGEMENT-HEALTH AND SAFETY-HAZARDOUS SUBSTANCES-ASBESTOS
650 ## - SUBJECT ADDED ENTRY--TOPICAL TERM
Topical term or geographic name entry element ASBESTOS REMOVAL
650 ## - SUBJECT ADDED ENTRY--TOPICAL TERM
Topical term or geographic name entry element HEALTH & SAFETY
690 ## - LOCAL SUBJECT ADDED ENTRY--TOPICAL TERM (OCLC, RLIN)
Topical term or geographic name as entry element BUILT ENVIRONMENT-BUILDING STANDARDS
710 ## - ADDED ENTRY--CORPORATE NAME
Corporate name or jurisdiction name as entry element College of Estate Management
9 (RLIN) 400
942 ## - ADDED ENTRY ELEMENTS (KOHA)
Suppress in OPAC 0
Holdings
Withdrawn status Lost status Source of classification or shelving scheme Damaged status Not for loan Home library Current library Shelving location Date acquired Cost, normal purchase price Total Checkouts Full call number Barcode Date last seen Date last checked out Copy number Cost, replacement price Price effective from Koha item type
    Dewey Decimal Classification     London London Enquiry desk 10/04/2006 57.00 23 ENQUIRY DESK 30072895 06/08/2019 14/12/2009 1 57.00 06/08/2019 Audio
    Dewey Decimal Classification     London London Enquiry desk 10/04/2006 57.00 40 ENQUIRY DESK 30072896 06/08/2019 27/01/2010 2 57.00 06/08/2019 Audio
    Dewey Decimal Classification     London London Enquiry desk 10/04/2006 57.00 51 ENQUIRY DESK 30072897 06/08/2019 09/02/2010 3 57.00 06/08/2019 Audio
    Dewey Decimal Classification     London London Enquiry desk 10/04/2006 57.00 35 ENQUIRY DESK 30072899 06/08/2019 25/01/2010 5 57.00 06/08/2019 Audio
  Missing       London London Missing 10/04/2006 57.00 21 ENQUIRY DESK 30072900 06/08/2019 23/03/2009 6 57.00 06/08/2019 Audio